[Event "HEM-Meister"]
[Site "Hamburg"]
[Date "2024.05.18"]
[Round "1.1"]
[White "Keyser, Robin"]
[Black "Wenzel, Birger"]
[Result "1-0"]
[WhiteElo "2194"]
[BlackElo "2055"]
[Annotator "hugo5"]
[PlyCount "67"]
[GameId "2046787013227259"]
[EventDate "2024.??.??"]
[WhiteTeam "SK Johanneum Eppendorf"]
[BlackTeam "SK Johanneum Eppendorf"]

1. d4 Nf6 2. c4 e6 3. Nc3 Bb4 4. Qc2 c5 5. dxc5 O-O 6. a3 Bxc5 7. Nf3 b6 8. Bf4 Bb7 9. Rd1 Nc6 10. e3 Rc8 11. Be2 Nh5 12. Bg3 f5 13. Nd4 Nxg3 14. hxg3 Nxd4 15. exd4 Be7 16. d5 Qe8 17. Qa4 a6 18. Bf3 Bf6 19. O-O e5 20. Qb3 e4 21. Be2 Bd8 22. c5 Rxc5 23. Na4 Rb5 24. Bxb5 axb5 25. Qxb5 Rf6 26. Qe2 Qe5 27. b4 Bxd5 28. Qb5 Rd6 29. Nc3 Qxc3 30. Rxd5 Rf6 31. Rxd7 Be7 32. Qd5+ Kf8 33. Qa8+ Bd8 34. Qxd8# 1-0

[Event "HEM-Meister"]
[Site "Hamburg"]
[Date "2024.05.18"]
[Round "1.2"]
[White "Schroeder, Christoph"]
[Black "Mondorf, Karl-Josef"]
[Result "1/2-1/2"]
[WhiteElo "2183"]
[BlackElo "1849"]
[Annotator "hugo5"]
[PlyCount "100"]
[GameId "2046787013231356"]
[EventDate "2024.??.??"]
[WhiteTeam "SK Johanneum Eppendorf"]
[BlackTeam "Volksdorfer SK 1948"]

1. e4 c5 2. Nf3 d6 3. d4 cxd4 4. Nxd4 Nf6 5. Nc3 a6 6. Bg5 e5 7. Nf5 Bxf5 8. exf5 Be7 9. Bc4 Nbd7 10. O-O O-O 11. Qf3 Qc7 12. Bb3 h6 13. Bxf6 Nxf6 14. Rad1 Rad8 15. Nd5 Nxd5 16. Rxd5 b6 17. Qd3 Qb7 18. a4 Rc8 19. Bc4 Rc5 20. Rd1 b5 21. axb5 axb5 22. Bxb5 e4 23. Qb3 Rfc8 24. c4 Rxd5 25. Rxd5 Rc5 26. Rxc5 dxc5 27. Qg3 Bf6 28. Qa3 Qe7 29. Bc6 Qe5 30. Qa8+ Kh7 31. Bxe4 Qxb2 32. g3 Bd4 33. Kg2 Qxf2+ 34. Kh3 Qf1+ 35. Bg2 Qxf5+ 36. g4 Qd3+ 37. Bf3 Qxc4 38. Qd5 Qf1+ 39. Bg2 Qf6 40. Qf3 Qe7 41. Qe4+ Qxe4 42. Bxe4+ g6 43. Kg2 Kg7 44. Kf3 Kf6 45. Bd5 Ke7 46. Ke4 f6 47. Bc4 Kd6 48. Bf7 g5 49. h3 Kc6 50. Kd3 Kd6 1/2-1/2

[Event "HEM-Meister"]
[Site "Hamburg"]
[Date "2024.05.18"]
[Round "1.4"]
[White "Rolf, Marco"]
[Black "Mandelkow, Elias"]
[Result "1/2-1/2"]
[WhiteElo "2051"]
[BlackElo "1870"]
[Annotator "hugo5"]
[PlyCount "99"]
[GameId "2046787013284606"]
[EventDate "2024.??.??"]
[WhiteTeam "TV Fischbek Suederelbe"]
[BlackTeam "Hamburger SK von 1830 eV"]

1. d4 Nf6 2. c4 g6 3. Nc3 Bg7 4. e4 d6 5. Be2 O-O 6. Be3 e5 7. d5 Na6 8. g4 Nc5 9. Bf3 a5 10. h4 Ne8 11. h5 f5 12. hxg6 hxg6 13. gxf5 gxf5 14. exf5 Bxf5 15. Nge2 Nd3+ 16. Kf1 Qf6 17. Rh2 b6 18. Qd2 Nf4 19. Ne4 Qg6 20. Bxf4 Bxe4 21. Bh5 Qf5 22. Be3 Qd7 23. Ng3 Nf6 24. Nxe4 Nxe4 25. Qd1 Ng3+ 26. Kg2 Nxh5 27. Rxh5 Rf5 28. Rh3 Raf8 29. Rg3 Qf7 30. Qg4 Rh5 31. Rg1 Rh7 32. Kf1 Kh8 33. Ke2 Qf5 34. Qxf5 Rxf5 35. Rg6 Rf6 36. R6g4 Rf7 37. a3 Rh2 38. b4 axb4 39. axb4 Kh7 40. R1g3 Bh6 41. Rf3 Rg7 42. Rfg3 Rf7 43. Rf3 Rg7 44. Re4 Bxe3 45. Kxe3 Kg8 46. c5 bxc5 47. bxc5 Rf7 48. Rxf7 Kxf7 49. cxd6 cxd6 50. f4 1/2-1/2

[Event "HEM-Meister"]
[Site "Hamburg"]
[Date "2024.05.18"]
[Round "1.5"]
[White "Malchereck, Zion"]
[Black "Bracker, Arne"]
[Result "1/2-1/2"]
[WhiteElo "1968"]
[BlackElo "2289"]
[Annotator "hugo5"]
[PlyCount "109"]
[GameId "2046787013284607"]
[EventDate "2024.??.??"]
[WhiteTeam "Hamburger SK von 1830 eV"]
[BlackTeam "Hamburger SK von 1830 eV"]

1. e4 e5 2. Nf3 Nc6 3. Bc4 Nf6 4. d3 Bc5 5. Bg5 h6 6. Bh4 d6 7. O-O g5 8. Bg3 a6 9. c3 Ba7 10. Re1 O-O 11. a4 Nh7 12. Nbd2 h5 13. h4 g4 14. Nh2 Kh8 15. Nhf1 f5 16. exf5 Bxf5 17. Ne3 Bg6 18. Qe2 Qd7 19. Ba2 Rae8 20. b4 Nd4 21. cxd4 exd4 22. Ndc4 dxe3 23. Nxe3 Qg7 24. Rac1 Re7 25. Qd2 Bd4 26. Nd5 Rxe1+ 27. Rxe1 c6 28. Re7 Rf7 29. Rxf7 Bxf7 30. Nf4 Bc3 31. Qe2 Be5 32. Bxf7 Qxf7 33. Qe4 Kg7 34. Ne2 Bxg3 35. Nxg3 Nf6 36. Nf5+ Kf8 37. Qf4 d5 38. Qb8+ Ne8 39. Nd6 Qe7 40. Nxe8 Qxe8 41. Qd6+ Kg7 42. Qc7+ Qf7 43. Qe5+ Kf8 44. Qb8+ Kg7 45. Qe5+ Kg6 46. Qg5+ Kh7 47. a5 Qg6 48. Qe7+ Qg7 49. Qe8 Qg6 50. Qe7+ Qg7 51. Qe8 Qg6 52. Qe7+ Qg7 53. Qe8 Kh6 54. Qe3+ Kh7 55. Qe8 1/2-1/2